| 000 | 00457nam a2200145Ia 4500 | ||
|---|---|---|---|
| 008 | 210430s9999 xx 000 0 und d | ||
| 020 | _a978-0-12-384456-9 | ||
| 082 | _a660.2800151 J511M | ||
| 100 |
_aV G Jenson, G V Jeffreys _9127653 |
||
| 245 |
_aMathematical methods in chemical engineering / _cJenson, Victor George. |
||
| 250 | _a2nd edition | ||
| 260 |
_aLondon ; | New York : _bAcademic Press, _c1977 |
||
| 300 | _axi, 599 p. : | ||
| 942 |
_cREF _2ddc |
||
| 999 |
_c565784 _d565784 |
||